000
00328 a2200109 4500
001
ART_6199
005
20260410161825.0
008
260409a
245
1
0
_a
El Gasto Público en la provincia de Buenos Aires 1914-1940
100
1
_a
Degregori, Daniel
773
0
_t
FACES
_g
- Año 2, Nº 2 (jun. 1996)
_w
REV5046
999
_c
22716
_d
22716